| 000 | 00589nam a2200205Ia 4500 | ||
|---|---|---|---|
| 008 | 220216s9999 xx 000 0 und d | ||
| 100 | _aJianhua Cao | ||
| 245 | 0 | _aStudy on nitrogen cycle in clone PR 107 | |
| 260 | _bIRRDB Natural Rubber Conference 2008, 13-15 October 2008, Kuala Lumpur, Malaysia: Abstract of papers | ||
| 500 | _aSource Year: 2008 | ||
| 650 | _aClone PR 107 | ||
| 650 | _aNitrogen | ||
| 650 | _aNutrient cycle | ||
| 700 | _a6aGuishui Xie | ||
| 700 | _aJunming Cheng | ||
| 700 | _aJusheng Jiang | ||
| 700 | _aWeifu Lin | ||
| 856 | _uAbst only | ||
| 942 | _cJS | ||
| 999 |
_c69842 _d69842 |
||